<?xml version="1.0" encoding="UTF-8"?>
<record
    xmlns:xsi="http://www.w3.org/2001/XMLSchema-instance"
    xsi:schemaLocation="http://www.loc.gov/MARC21/slim http://www.loc.gov/standards/marcxml/schema/MARC21slim.xsd"
    xmlns="http://www.loc.gov/MARC21/slim">

  <leader>01336nas a2200277 i 4500</leader>
  <controlfield tag="001">1921</controlfield>
  <controlfield tag="003">ES-MaACL</controlfield>
  <controlfield tag="005">20250727151041.0</controlfield>
  <controlfield tag="007">t|</controlfield>
  <controlfield tag="008">950801c1948    sp  |         |  1 ||pa d</controlfield>
  <datafield tag="245" ind1="0" ind2="0">
    <subfield code="a">Revista del Instituto Nacional de Racionalizaci&#xF3;n del Trabajo.</subfield>
  </datafield>
  <datafield tag="260" ind1=" " ind2=" ">
    <subfield code="a">Madrid : </subfield>
    <subfield code="b">Consejo Superior de Investigaciones Cient&#xED;ficas, Patronato "Juan de la Cierva", </subfield>
    <subfield code="c">1948- (</subfield>
    <subfield code="f">Veritas)</subfield>
  </datafield>
  <datafield tag="300" ind1=" " ind2=" ">
    <subfield code="a">24 v. ; </subfield>
    <subfield code="c">30 cm.</subfield>
  </datafield>
  <datafield tag="310" ind1=" " ind2=" ">
    <subfield code="a">Mensual</subfield>
  </datafield>
  <datafield tag="321" ind1=" " ind2=" ">
    <subfield code="a">Bimestral, </subfield>
    <subfield code="b">1948-70</subfield>
  </datafield>
  <datafield tag="362" ind1="0" ind2=" ">
    <subfield code="a">A&#xF1;o 1, n. 1 (jul./ag. 1948)-a&#xF1;o 20, n. 3 (mayo/jun. 1967 ; A&#xF1;o 21, n. 115 (en.-feb. 1968)-A&#xF1;o 23, n. 132 (nov.-dic. 1970) ; 2&#xAA; etapa, n. 133 (en. 1971)-n. 154 (dic. 1972)</subfield>
  </datafield>
  <datafield tag="650" ind1="1" ind2="4">
    <subfield code="a">Industria. Comunicaciones.</subfield>
    <subfield code="9">13720</subfield>
  </datafield>
  <datafield tag="710" ind1="2" ind2=" ">
    <subfield code="a">Instituto Nacional de Racionalizaci&#xF3;n del Trabajo (Espa&#xF1;a)</subfield>
    <subfield code="9">5185</subfield>
  </datafield>
  <datafield tag="710" ind1="2" ind2=" ">
    <subfield code="a">Consejo Superior de Investigaciones Cient&#xED;ficas (Espa&#xF1;a)</subfield>
    <subfield code="9">3236</subfield>
  </datafield>
  <datafield tag="710" ind1="2" ind2=" ">
    <subfield code="a">Patronato Juan de la Cierva de Investigaci&#xF3;n T&#xE9;cnica</subfield>
    <subfield code="9">6186</subfield>
  </datafield>
  <datafield tag="785" ind1="0" ind2="0">
    <subfield code="a">I+E. Innovaci&#xF3;n-Empresa  : revista del Instituto Nacional de Racionalizaci&#xF3;n del Trabajo </subfield>
    <subfield code="d">1971-1972</subfield>
  </datafield>
  <datafield tag="785" ind1="0" ind2="0">
    <subfield code="t">Racionalizaci&#xF3;n, </subfield>
    <subfield code="d">1968-1970</subfield>
  </datafield>
  <datafield tag="852" ind1=" " ind2=" ">
    <subfield code="a">ES-MaACL</subfield>
    <subfield code="j">Hem-958</subfield>
  </datafield>
  <datafield tag="866" ind1=" " ind2="0">
    <subfield code="o">1948-62(1963f.n.4)(1964f.n.5)1965-66(1967f.n.4-6)(1968f.n.2)1969(1970f.may-jun.)(1971f.n.137-141)(1972f.n.146-149).</subfield>
  </datafield>
  <datafield tag="999" ind1=" " ind2=" ">
    <subfield code="c">1921</subfield>
    <subfield code="d">1921</subfield>
  </datafield>
  <datafield tag="952" ind1=" " ind2=" ">
    <subfield code="0">0</subfield>
    <subfield code="1">0</subfield>
    <subfield code="4">0</subfield>
    <subfield code="7">0</subfield>
    <subfield code="8">Hemeroteca</subfield>
    <subfield code="a">ATENEOM</subfield>
    <subfield code="b">ATENEOM</subfield>
    <subfield code="c">DEPO1</subfield>
    <subfield code="d">2008-01-17</subfield>
    <subfield code="e">SC</subfield>
    <subfield code="l">0</subfield>
    <subfield code="o">Hem-958</subfield>
    <subfield code="p">1001960</subfield>
    <subfield code="r">2023-02-23 00:00:00</subfield>
    <subfield code="w">2023-02-23</subfield>
    <subfield code="y">PERIODICA</subfield>
  </datafield>
</record>
